00931cas a22003017ar450000500170000000800410001701000100005801100100006802200140007803500100009224500230010226000710012530000070019631000150020336200200021859000410023859000410027959000410032059000420036165000510040378000560045486600220051086600270053286600220055990100070058190500240058899900170061220220329142047.0990517d1919 gw qr pernn 0 a0b0ger d a77801 a787730 a0066-1759 a8884000aAngewandte Botanik0 aBerlin, Germany :bVereinigung for Angewandte Botanik E.V.,c1919- av. aTrimestral1 av.39 n.4, 1965. aBATCH-UPDb10c20130110lUCH01h2248 aBATCH-UPDb10c20130410lUCH01h1542 aBATCH-UPDb10c20130914lUCH01h0737 aCONVERSIONb10c20130109lUCH01h134314aBotánicaxPublicaciones periódicas.914606 tJahhesbericht der Vereinigung fur Agewandte Botanik av.37 n.1-4 (1963) av.38 n.1-6 (1964-1965) av.39 n.1-4 (1965) aSE aMarco A. Mendoza T. c77801d77801